Неформальное образование в жизнедеятельности педагога; Инновации в образовании; № 9

Detaylı Bibliyografya
Parent link:Инновации в образовании.— , 2000-
№ 9.— 2010.— [С. 74-83]
Yazar: Стародубцев В. А. Вячеслав Алексеевич
Diğer Yazarlar: Киселева А. А.
Özet:Заглавие с экрана
В статье раскрываются особенности развития неформального образования и формирования персональных образовательных сфер преподавателей.
Режим доступа: по договору с организацией-держателем ресурса
Dil:Rusça
Baskı/Yayın Bilgisi: 2010
Seri Bilgileri:Научные сообщения
Konular:
Online Erişim:http://elibrary.ru/item.asp?id=15204907
Materyal Türü: Elektronik Kitap Bölümü
KOHA link:https://koha.lib.tpu.ru/cgi-bin/koha/opac-detail.pl?biblionumber=651953

MARC

LEADER 00000naa0a2200000 4500
001 651953
005 20250326145949.0
035 |a (RuTPU)RU\TPU\network\17216 
035 |a RU\TPU\network\17215 
090 |a 651953 
100 |a 20161128d2010 k||y0rusy50 ca 
101 0 |a rus 
102 |a RU 
135 |a drcn ---uucaa 
181 0 |a i  
182 0 |a b 
200 1 |a Неформальное образование в жизнедеятельности педагога  |f В. А. Стародубцев, А. А. Киселева 
203 |a Текст  |c электронный 
225 1 |a Научные сообщения 
300 |a Заглавие с экрана 
320 |a [Библиогр.: с. 82-83 (13 назв.)] 
330 |a В статье раскрываются особенности развития неформального образования и формирования персональных образовательных сфер преподавателей. 
333 |a Режим доступа: по договору с организацией-держателем ресурса 
461 |t Инновации в образовании  |d 2000- 
463 |t № 9  |v [С. 74-83]  |d 2010 
610 1 |a электронный ресурс 
610 1 |a труды учёных ТПУ 
610 1 |a высшее профессиональное образование 
610 1 |a образовательные технологии 
610 1 |a постдипломное образование 
610 1 |a самообразование 
610 1 |a персональные образовательные среды 
610 1 |a неформальное образование 
700 1 |a Стародубцев  |b В. А.  |c физик  |c профессор Томского политехнического университета, доктор педагогических наук  |f 1943-  |g Вячеслав Алексеевич  |3 (RuTPU)RU\TPU\pers\26939  |9 12549 
701 1 |a Киселева  |b А. А. 
801 2 |a RU  |b 63413507  |c 20161128  |g RCR 
856 4 |u http://elibrary.ru/item.asp?id=15204907 
942 |c CF